| 000 | 00581nam a2200193 a 4500 | ||
|---|---|---|---|
| 001 | 8108 | ||
| 003 | CO-ViMGA | ||
| 008 | 141112s2004 ck r 000 u spa d | ||
| 020 | _a9588052009 | ||
| 040 |
_aCO-ViMGA _bspa _cCO-ViMGA |
||
| 082 | 0 | 4 | _aCo861.44 T67v |
| 100 | 1 |
_aTorres Duque, Oscar _950954 |
|
| 245 | 1 | 0 |
_aVisitacion del hoy / _cTorres Duque Oscar |
| 260 | _aMinisterio de Cultura 1998 | ||
| 300 | _a139 p. | ||
| 590 | _aForma de adquisición : DONACION - - Proveedor : BIBLIOTECA LUIS Ángel ARANGO | ||
| 650 | 1 | 4 |
_aPOESIA COLOMBIANA - SIGLO XX _92302 |
| 942 |
_2ddc _cBK |
||
| 999 |
_c19923 _d19923 |
||